General Smallwood Trivia Quiz Stats

 Plays Quiz not verified by Sporcle

Score 0/10 Timer 05:00
0 Plays Today
Question Answer % Correct
Is Peyton Manning the best QB in the league?no
100%
What's Smallwoods first name?Jesse
50%
What's Smallwoods favorite game on his phone?Angry Birds
50%
Whats Smallwoods favorite NFL player?Peyton Manning
50%
How many years has Smallwood been in College?5
0%
How many minutes did it take Smallwood to eat 32 starbursts?8
0%
What drink gets annihilated if Smallwood finds it in Spivey's fridge?yoohoo
0%
Who does Caleb hate?Paul
0%
How tall is Caleb?5'11
0%
What is Smallwood famous for?dick size
0%

You're not logged in!

Compare scores with friends on all Sporcle quizzes.
OR
Log In

Show Comments

Extras

Created Nov 4, 2010ReportNominate

Top Quizzes Today


Score Distribution

Your Account Isn't Verified!

In order to create a playlist on Sporcle, you need to verify the email address you used during registration. Go to your Sporcle Settings to finish the process.

Report this User

Report this user for behavior that violates our Community Guidelines.

Details: